00715cam a2200169 a 4500020001500000040000800015082002600023245015700049260005300206300003000259500014900289650001600438650001600454650001900470650001900489710003700508 a9283322126 cWAD04a634 ASI 1997 A041 Or.10aExport potentials of tropical agricultural products in Asia and the Pacific :breport of an APO Study Meeting, 31 July - 5 August 1996, Bali, Indonesia. aTokyo :bAsian Productivity Organization,c1997. a243 p. :bill. ;c26 cm. a"Report of an APO Study Meeting on Export Potentials of Tropical Agricultural Products held in Bali from 31 July to 5 August 1996."--T.p. verso. 0aFruit trade 0aFruit trade 0aTropical fruit 0aTropical fruit2 aAsian Productivity Organization.